Banner

Inventario del patrimonio cultural de Antioquia / (Record no. 2169)

MARC details
000 -LEADER
campo de control de longitud fija 00854nam a22002177a 4500
003 - IDENTIFICADOR DE NÚMERO DE CONTROL
campo de control OSt
005 - FECHA Y HORA DE LA ÚLTIMA TRANSACCIÓN
campo de control 20251006174202.0
008 - DATOS DE LONGITUD FIJA--INFORMACIÓN GENERAL
campo de control de longitud fija 251004b |||||||| |||| 00| 0 eng d
020 ## - NÚMERO INTERNACIONAL ESTÁNDAR DEL LIBRO
Número Internacional Estándar del Libro 9589172172
040 ## - FUENTE DE CATALOGACIÓN
Centro catalogador/agencia de origen CO-UdeC
Lengua de catalogación spa
Centro/agencia transcriptor CO-UdeC
041 0# - CÓDIGO DE IDIOMA
Código de lengua del texto/banda sonora o título independiente spa
082 04 - NÚMERO DE LA CLASIFICACIÓN DECIMAL DEWEY
Número de clasificación 711.57
Número de ítem V857
100 1# - ENTRADA PRINCIPAL--NOMBRE DE PERSONA
Nombre de persona Vives Mejía, Gustavo
245 10 - MENCIÓN DEL TÍTULO
Título Inventario del patrimonio cultural de Antioquia /
Mención de responsabilidad, etc. Gustavo Vives Mejía ; Prólogo, Otto Morales Benítez ; Fotografías, Guillermo Melo G.
Número de parte o sección de la obra Vol. 3
Nombre de parte o sección de la obra Colecciones Públicas de Rionegro
260 ## - PUBLICACIÓN, DISTRIBUCIÓN, ETC.
Lugar de publicación, distribución, etc. Medellín :
Nombre del editor, distribuidor, etc. Secretaría de Educación y Cultura de Antioquia,
Fecha de publicación, distribución, etc. 1996
300 ## - DESCRIPCIÓN FÍSICA
Extensión 302 p. :
Otras características físicas il., fot. ;
Dimensiones 24 cm
650 14 - PUNTO DE ACCESO ADICIONAL DE MATERIA--TÉRMINO DE MATERIA
Término de materia o nombre geográfico como elemento de entrada Patrimonio cultural
Subdivisión general Inventarios
Subdivisión geográfica Antioquia
700 1# - ENTRADA AGREGADA--NOMBRE PERSONAL
Nombre de persona Morales Benítez, Otto
Término indicativo de función/relación Prólogo
700 1# - ENTRADA AGREGADA--NOMBRE PERSONAL
Nombre de persona Melo G., Guillermo
Término indicativo de función/relación Fotografías
942 ## - ELEMENTOS DE ENTRADA SECUNDARIOS (KOHA)
Fuente del sistema de clasificación o colocación Clasificación Decimal Dewey
Tipo de ítem Koha Libros
Parte de la signatura que corresponde a la clasificación (Parte de la clasificación) 711.57
Parte de la signatura que identifica el ejemplar (Parte del ítem) V857
Suprimir en OPAC No
Holdings
Estatus retirado Estado de pérdida Fuente del sistema de clasificación o colocación Estado de daño No para préstamo Colección Biblioteca de origen Biblioteca actual Fecha de adquisición Total de préstamos Signatura topográfica completa Código de barras Visto por última vez Precio de reemplazo Tipo de ítem Koha
    Clasificación Decimal Dewey     Colección general U DE COLOMBIA - Biblioteca U DE COLOMBIA - Biblioteca 06/10/2025   711.57 V857 001042 06/10/2025 06/10/2025 Libros


Biblioteca Académica Corporación Universitaria U DE COLOMBIA | Teléfono: +(57) (4) 2398080 ext. 1112 | E-mail: biblioteca@udecolombia.edu.co | Dirección: Calle 56 Nº 41 – 147 (Bolivia con Girardot)
Horario de atención: lunes a viernes 8:00 a.m. a 8:00 p.m. - sábados 8:00 a.m. a 4:00 p.m.
Implementado por Grupo EGS.

Powered by Koha